Statistics for Countries that border Democratic republic of Congo

Click here to take the quiz!

General Stats

  • This quiz has been taken 71 times
  • The average score is 8 of 9

Answer Stats

Answer% Correct
Central African republic
97%
Zambia
95%
Angola
92%
Republic of Congo
92%
Uganda
88%
Burundi
87%
Rwanda
85%
Tanzania
77%
South Sudan
72%

Score Distribution

Percentile by Number Answered

Percent of People with Each Score

Your Score History

You have not taken this quiz